| Tag |
First Indicator |
Second Indicator |
Subfields |
| LEADER |
00000cam a2200000 a 4500 |
| 001 |
in00001237685 |
| 005 |
20240207104544.0 |
| 008 |
880209s1968 txua s000 0 eng d |
| 029 |
1 |
|
|a NLGGC
|b 194428516
|
| 035 |
|
|
|a (OCoLC)ocm17451877
|
| 035 |
|
|
|a (OCoLC)17451877
|
| 035 |
|
|
|a (OCoLC)ocm17451877
|
| 040 |
|
|
|a ILU
|b eng
|c ILU
|d UIU
|d OCLCQ
|d OCLCF
|d OCLCO
|d OCLCA
|d WURST
|d OCLCO
|d OCLCQ
|d OCLCL
|d TXA
|
| 043 |
|
|
|a n-us-tx
|
| 050 |
|
4 |
|a S117
|b .T3
|
| 050 |
|
4 |
|a HD1775.T4
|b T4 no.68-6
|
| 245 |
0 |
4 |
|a The research needs of commercial agriculture in Texas.
|
| 264 |
|
1 |
|a College Station, Texas :
|b Department of Agricultural Economics and Sociology, Texas Agricultural Experiment Station, Texas A & M University,
|c 1968.
|
| 300 |
|
|
|a 46 pages :
|b illustrations ;
|c 28 cm
|
| 336 |
|
|
|a text
|b txt
|2 rdacontent
|
| 337 |
|
|
|a unmediated
|b n
|2 rdamedia
|
| 338 |
|
|
|a volume
|b nc
|2 rdacarrier
|
| 490 |
1 |
|
|a Department information report / Department of Agricultural Economics and Sociology ;
|v no. 68-6
|
| 650 |
|
0 |
|a Agriculture
|x Economic aspects
|z Texas.
|
| 650 |
|
0 |
|a Agriculture
|x Research
|z Texas.
|
| 650 |
|
6 |
|a Agriculture
|x Aspect économique
|z Texas.
|
| 650 |
|
6 |
|a Agriculture
|x Recherche
|z Texas.
|
| 650 |
|
7 |
|a Agriculture
|x Economic aspects.
|2 fast
|0 (OCoLC)fst00801415
|
| 650 |
|
7 |
|a Agriculture
|x Research.
|2 fast
|0 (OCoLC)fst00801593
|
| 651 |
|
7 |
|a Texas.
|2 fast
|0 (OCoLC)fst01210336
|1 https://id.oclc.org/worldcat/entity/E39PBJj8XjVR9hP7dPxwVtRqcP
|
| 653 |
0 |
0 |
|a agrarische bedrijfsvoering
|
| 653 |
0 |
0 |
|a farm management
|
| 653 |
0 |
0 |
|a onderzoek
|
| 653 |
0 |
0 |
|a research
|
| 653 |
0 |
0 |
|a vs
|
| 653 |
0 |
0 |
|a usa
|
| 653 |
1 |
0 |
|a Farm Management
|
| 653 |
1 |
0 |
|a Agrarische bedrijfsvoering
|
| 710 |
2 |
|
|a Texas A & M University.
|b Department of Agricultural Economics and Sociology.
|
| 710 |
2 |
|
|a Texas Agricultural Experiment Station.
|
| 776 |
0 |
8 |
|i Online version:
|t Research needs of commercial agriculture in Texas.
|d College Station, Tex. : Dept. of Agricultural Economics and Sociology, Texas Agricultural Experiment Station, Texas A & M University, 1968
|w (OCoLC)1115012658
|
| 830 |
|
0 |
|a Departmental information report (Texas Agricultural Experiment Station. Department of Agricultural Economics) ;
|v 68-6.
|
| 948 |
|
|
|h HELD BY TXA - 5 OTHER HOLDINGS
|
| 994 |
|
|
|a Z0
|b TXA
|
| 999 |
f |
f |
|s a0efc668-96e5-33e8-935d-3afaa86f3007
|i 5ac9cfa9-fb66-3efc-9689-f14b92b0c480
|t 0
|
| 952 |
f |
f |
|p noncirc
|a Texas A&M University
|b College Station
|c Cushing Memorial Library & Archives
|d Cushing: Texas A&M Publications (Remote Storage: 2-3 day retrieval)
|t 0
|e HD1775.T4 T4 no.68-6
|h Library of Congress classification
|i unmediated -- volume
|m A1485318193A
|
| 998 |
f |
f |
|a HD1775.T4 T4 no.68-6
|t 0
|l Cushing: Texas A&M Publications (Remote Storage: 2-3 day retrieval)
|